Statistics for Girls Names that start with S

Click here to take the quiz!

General Stats

  • This quiz has been taken 1,046 times
  • The average score is 12 of 33

Answer Stats

Answer% Correct
Sarah
91%
Samantha
86%
Sandra
74%
Sally
74%
Sophia
72%
Susan
72%
Stephanie
61%
Sadie
50%
Stella
45%
Stacie
45%
Shelly
43%
Serena
41%
Sabrina
40%
Selena
40%
Sonya
40%
Shannon
38%
Sylvia
38%
Sheila
37%
Suzanne
36%
Sasha
35%
Scarlett
33%
Sherry
27%
Selma
16%
Starr
14%
Shawna
14%
Sheena
13%
Sondra
12%
Samara
10%
Salma
9%
Sheridan
8%
Sela
7%
Saundra
3%
Sonora
1%

Score Distribution

Percentile by Number Answered

Percent of People with Each Score

Your Score History

You have not taken this quiz